000 00863nam a2200253 i 4500
001 66748
003 ES-MaACL
005 20251010175939.0
007 t|
008 030620s2003 sp ||||0| spa d
020 _a84-7914-649-4
040 _aM-BN
_bspa
_cM-BN
080 _a929 Angela de la Cruz, Santa
100 1 _aAngela de la Cruz
_cSanta.
_921710
245 1 0 _aEpistolario personal /
_cSor Angela de la Cruz ; edición preparada por las Hermanas de la Cruz.
260 _aMadrid :
_bBiblioteca de Autores Cristianos,
_c2003.
300 _aXXVI, 500 p. :
_bil. ;
_c20 cm.
490 1 _aBiblioteca de autores cristianos ;
_v636
500 _aIndice.
600 0 4 _aAngela de la Cruz,
_cSanta-
_vCorrespondencia
_921711
830 0 0 _aBiblioteca de autores cristianos
_v636
_9178679
852 _aES-MaACL
_jJ-623
_bR.133519
999 _c66748
_d66748